000 00787nam a22003010a 4500
001 PT53560
003 AR-LpoUNG
005 20240214135747.0
008 191001s2014||||ag |||||||||||||||||spa d
020 _a9789504634690
_c$8,03
040 _aAR-LpoUNG
_bspa
_cAR-LpoUNG
_eaacr
041 _aspa
044 _aag
082 0 _a808.068 3 491tor
100 1 _aDevetach, Laura
245 1 3 _aLa torre de cubos
250 _a1ra. ed., 1ra. reimpr.
260 _aBuenos Aires :
_bAlfaguara,
_c2014.
300 _a119 p. :
_bil.
505 0 _aSugerido a partir de 6 aƱos (etiqueta AMARILLA)
650 4 _aARGENTINA
650 4 _aCUENTOS
650 4 _aLITERATURA
653 _aLITERATURA INFANTIL
700 1 _aColombo, Natalia
_eil.
905 _a53560
942 _cLIB
_2ddc
999 _c10872
_d10872